Некоторые особенности адаптации студентов первого курса Томского политехнического университета; Инновационное развитие: ключевые проблемы и решения
| Parent link: | Инновационное развитие: ключевые проблемы и решения.— 2015.— [С. 167-170] |
|---|---|
| Hlavní autor: | |
| Korporativní autor: | |
| Další autoři: | |
| Shrnutí: | Заглавие с экрана Режим доступа: по договору с организацией-держателем ресурса |
| Jazyk: | ruština |
| Vydáno: |
2015
|
| Edice: | Студенческая секция |
| Témata: | |
| On-line přístup: | http://os-russia.com/SBORNIKI/KON-83-2.pdf#page=167 http://elibrary.ru/item.asp?id=24821207& |
| Médium: | MixedMaterials Elektronický zdroj Kapitola |
| KOHA link: | https://koha.lib.tpu.ru/cgi-bin/koha/opac-detail.pl?biblionumber=646316 |
MARC
| LEADER | 00000naa0a2200000 4500 | ||
|---|---|---|---|
| 001 | 646316 | ||
| 005 | 20250604142708.0 | ||
| 035 | |a (RuTPU)RU\TPU\network\11452 | ||
| 035 | |a RU\TPU\network\11451 | ||
| 090 | |a 646316 | ||
| 100 | |a 20160222d2015 k y0rusy50 ca | ||
| 101 | 0 | |a rus | |
| 102 | |a RU | ||
| 135 | |a drcn ---uucaa | ||
| 181 | 0 | |a i | |
| 182 | 0 | |a b | |
| 200 | 1 | |a Некоторые особенности адаптации студентов первого курса Томского политехнического университета |f Е. В. Старцева, Н. А. Старцев | |
| 203 | |a Текст |c электронный | ||
| 225 | 1 | |a Студенческая секция | |
| 300 | |a Заглавие с экрана | ||
| 320 | |a [Библиогр.: с. 169 (5 назв.)] | ||
| 333 | |a Режим доступа: по договору с организацией-держателем ресурса | ||
| 463 | |t Инновационное развитие: ключевые проблемы и решения |o сборник статей Международной научно-практической конференции, г. Казань, 8 декабря 2015 г. |v [С. 167-170] |d 2015 | ||
| 610 | 1 | |a электронный ресурс | |
| 610 | 1 | |a труды учёных ТПУ | |
| 610 | 1 | |a адаптация | |
| 610 | 1 | |a студенты | |
| 610 | 1 | |a ТПУ | |
| 700 | 1 | |a Старцева |b Е. В. |c специалист в области электроэнергетики |c старший преподаватель Томского политехнического университета |f 1975- |g Елена Вячеславовна |3 (RuTPU)RU\TPU\pers\28066 |9 13028 | |
| 701 | 1 | |a Старцев |b Н. А. |g Никита Андреевич | |
| 712 | 0 | 2 | |a Национальный исследовательский Томский политехнический университет (ТПУ) |b Энергетический институт (ЭНИН) |b Кафедра электроэнергетических систем (ЭЭС) |3 (RuTPU)RU\TPU\col\18675 |
| 801 | 2 | |a RU |b 63413507 |c 20160321 |g RCR | |
| 850 | |a 63413507 | ||
| 856 | 4 | |u http://os-russia.com/SBORNIKI/KON-83-2.pdf#page=167 | |
| 856 | 4 | |u http://elibrary.ru/item.asp?id=24821207& | |
| 942 | |c CF | ||